| 000 | 00406nam a2200157Ia 4500 | ||
|---|---|---|---|
| 008 | 220216s9999 xx 000 0 und d | ||
| 100 | _aCook S | ||
| 245 | 4 | _aThe Microstructure of natural rubber latex films | |
| 260 |
_bRubber Chemistry and Technology _c1997 |
||
| 300 | _a549-559 | ||
| 650 | _aNR latex films | ||
| 700 | _aCudby P E F | ||
| 700 | _aDavies R T | ||
| 700 | _aMorris M D | ||
| 942 | _cJS | ||
| 999 |
_c70860 _d70860 |
||